|
|
|
|
| LEADER |
00000nam0a2200000 4500 |
| 001 |
358623 |
| 005 |
20231102011119.0 |
| 035 |
|
|
|a (RuTPU)RU\TPU\retro\15894
|
| 090 |
|
|
|a 358623
|
| 100 |
|
|
|a 20200820d1977 km y0rusy50 ca
|
| 101 |
0 |
|
|a rus
|
| 102 |
|
|
|a RU
|
| 105 |
|
|
|a a z 001zy
|
| 200 |
1 |
|
|a Технологический контроль в приборостроении
|e сборник трудов
|f под ред. П. Д. Литвиненко, А. Г. Рыжевского
|
| 210 |
|
|
|a Москва
|c Изд-во ВНИТИприбор
|d 1977
|
| 215 |
|
|
|a 308 с.
|c ил.
|
| 320 |
|
|
|a Библиогр. в конце ст.
|
| 606 |
1 |
|
|a Приборостроение
|x Технология
|2 stltpush
|3 (RuTPU)RU\TPU\subj\51547
|9 70120
|
| 610 |
1 |
|
|a технологический контроль
|
| 610 |
1 |
|
|a средства контроля
|
| 610 |
1 |
|
|a метрологические характеристики
|
| 610 |
1 |
|
|a качественные характеристики
|
| 610 |
1 |
|
|a программное обеспечение
|
| 610 |
1 |
|
|a интегральные схемы
|
| 610 |
1 |
|
|a тонкопленочные резисторы
|
| 610 |
1 |
|
|a параметрический контроль
|
| 675 |
|
|
|a 681.2.002
|v 4
|
| 702 |
|
1 |
|a Литвиненко
|b П. Д.
|4 340
|
| 702 |
|
1 |
|a Рыжевский
|b А. Г.
|4 340
|
| 801 |
|
1 |
|a RU
|b 63413507
|c 20200820
|
| 801 |
|
2 |
|a RU
|b 63413507
|c 20210317
|g RCR
|
| 942 |
|
|
|c BK
|